Adding it up: based on Timothy goes to school and other stories / (Record no. 105182)
[ view plain ]
| 000 -LEADER | |
|---|---|
| fixed length control field | 00554nam a2200169 a 4500 |
| 005 - DATE AND TIME OF LATEST TRANSACTION | |
| control field | 20140412111344.0 |
| 008 - FIXED-LENGTH DATA ELEMENTS--GENERAL INFORMATION | |
| fixed length control field | 041005s19uu xx 00 eng d |
| 020 ## - INTERNATIONAL STANDARD BOOK NUMBER | |
| International Standard Book Number | 0-14-230040-3 |
| 050 ## - LIBRARY OF CONGRESS CALL NUMBER | |
| Classification number | TR(GS 513.2'11 |
| Item number | W44 2001 |
| 100 ## - MAIN ENTRY--PERSONAL NAME | |
| Personal name | Wells, Rosemary |
| 245 ## - TITLE STATEMENT | |
| Title | Adding it up: based on Timothy goes to school and other stories / |
| Statement of responsibility, etc | Rosemary Wells. |
| 260 ## - PUBLICATION, DISTRIBUTION, ETC. (IMPRINT) | |
| Place of publication, distribution, etc | New York : |
| Name of publisher, distributor, etc | Puffin books, |
| Date of publication, distribution, etc | 2001. |
| 300 ## - PHYSICAL DESCRIPTION | |
| Extent | 24 |
| 440 ## - SERIES STATEMENT/ADDED ENTRY--TITLE | |
| Title | Get set for kindergarten |
| 650 ## - SUBJECT ADDED ENTRY--TOPICAL TERM | |
| Topical term or geographic name as entry element | Mathematics- study and teaching ( Elementary) Juvenile Literature |
| Withdrawn status | Lost status | Damaged status | Home library | Current library | Shelving location | Date acquired | Source of acquisition | Total Checkouts | Full call number | Barcode | Date last seen | Price effective from | Koha item type |
|---|---|---|---|---|---|---|---|---|---|---|---|---|---|
| Elizalde Library | Elizalde Library | Teachers Reference Section | 10/05/2004 | TR(GS 513.2'11 W44 2001 | E9540 | 04/12/2014 | 04/12/2014 | Books |